Marvellous techniques for IELTS writing

Nội dung sách trình bày những điều cần biết về bài thi viết IELTS, kỹ năng làm bài thi viết Task 2. Ngoài ra, nội dung sách cũng nói về các tiêu chí chấm điểm, luyện các kỹ năng để viết nhanh và các dạng bài mẫu về các chủ đề thường gặ...

Disgrifiad llawn

Wedi'i Gadw mewn:
Manylion Llyfryddiaeth
Prif Awdur: Kenny, Kirk (Chủ biên)
Awduron Eraill: Nguyễn Thành Yến (Chuyển ngữ phần chú giải)
Fformat: Llyfr
Iaith:Vietnamese
Cyhoeddwyd: Thành phố Hồ Chí Minh Tổng hợp TP. Hồ Chí Minh 2014
Pynciau:
Tagiau: Ychwanegu Tag
Dim Tagiau, Byddwch y cyntaf i dagio'r cofnod hwn!
Thư viện lưu trữ: Thư viện Trường Đại học Nam Cần Thơ
LEADER 01285nam a22002057a 4500
001 NCT_151340
008 230606b xxu||||| |||| 00| 0 vie d
999 |c 7826  |d 7826 
020 |a 9786045811597  |c 268000 
082 0 4 |2 23rd ed.  |a 428.0076  |b K34 
100 1 |a Kenny, Kirk  |e Chủ biên 
245 1 0 |a Marvellous techniques for IELTS writing  |c Kirk Kenny (Chủ biên); Nguyễn Thành Yến (Chuyển ngữ chú giải) 
260 |a Thành phố Hồ Chí Minh  |b Tổng hợp TP. Hồ Chí Minh  |c 2014 
300 |a 241 tr.  |b Minh họa  |c 26cm 
520 3 |a Nội dung sách trình bày những điều cần biết về bài thi viết IELTS, kỹ năng làm bài thi viết Task 2. Ngoài ra, nội dung sách cũng nói về các tiêu chí chấm điểm, luyện các kỹ năng để viết nhanh và các dạng bài mẫu về các chủ đề thường gặp 
653 |a Cơ bản 
700 1 |a Nguyễn Thành Yến  |e Chuyển ngữ phần chú giải 
942 |2 ddc  |c BK 
952 |0 0  |1 0  |2 ddc  |4 0  |6 428_007600000000000_K34  |7 0  |9 27815  |a 000001  |b 000001  |d 2023-06-06  |o 428.0076 K34  |p MD.21259  |r 2023-06-06  |v 268000.00  |w 2023-06-06  |y BK 
980 |a Thư viện Trường Đại học Nam Cần Thơ